zpět

Detail výsledku týmu

Na Dobrým místě, Úvaly

Datum a čas kvízu

23 Celkem bodů Celkový počet nahraných bodů na tomto kvízu bez doplňovacích otázek.
5. Pořadí na kvízu Konečné umístění týmu na tomto kvízu.

Zaznamenané odpovědi

# Otázka Odpověď Body Výsledky
1. Vozidla taxislužeb již zřejmě... taxametrem 1
2. Hasiči z hesenského Bensheimu... krysu 1
3. Jistá služba internetového úlo... Ulož.to 1
4. Irský oděvní řetězec, populárn... Primark 1
5. O jedno z největších překvapen... běh na 60 metrů 0
6. Praha, Plzeň, Pardubice, Příbr... Prachatice 1
7. Oganesson, xenon, radon, argon... neon 1
8. Schillerová, Babiš, Kalousek,... Jan Fischer 0
9. Bohdalová, Kubišová, Rettigová... Božena Němcová 0
10. Komedie omylů, Zkrocení zlé že... Mnoho povyku pro nic 0